Textbook oInternational human rights / (Record no. 5187)
[ view plain ]
| 000 -LEADER | |
|---|---|
| fixed length control field | 00635nam a22002057a 4500 |
| 008 - FIXED-LENGTH DATA ELEMENTS--GENERAL INFORMATION | |
| fixed length control field | 120916t xxu||||| |||| 00| 0 eng d |
| 020 ## - INTERNATIONAL STANDARD BOOK NUMBER | |
| International Standard Book Number | 9-7801-9958-2037 |
| 082 ## - DEWEY DECIMAL CLASSIFICATION NUMBER | |
| Edition number | 22 ed. |
| Classification number | 341.08 |
| Item number | SMI |
| 100 ## - MAIN ENTRY--PERSONAL NAME | |
| Personal name | Smith, Rhona K.M |
| 9 (RLIN) | 6707 |
| 245 ## - TITLE STATEMENT | |
| Title | Textbook oInternational human rights / |
| Statement of responsibility, etc | Rhona K.M Smith |
| 250 ## - EDITION STATEMENT | |
| Edition statement | 4 ed. |
| 260 ## - PUBLICATION, DISTRIBUTION, ETC. (IMPRINT) | |
| Place of publication, distribution, etc | New York : |
| Name of publisher, distributor, etc | Oxfor university press |
| Date of publication, distribution, etc | 2010 |
| 300 ## - PHYSICAL DESCRIPTION | |
| Extent | xxii. ; 399 p. : |
| Dimensions | 25 cm. |
| 500 ## - GENERAL NOTE | |
| General note | Includes Index |
| 650 ## - SUBJECT ADDED ENTRY--TOPICAL TERM | |
| Topical term or geographic name as entry element | Law |
| 9 (RLIN) | 5605 |
| 650 ## - SUBJECT ADDED ENTRY--TOPICAL TERM | |
| Topical term or geographic name as entry element | LCC: JX1 |
| 9 (RLIN) | 6708 |
| 650 ## - SUBJECT ADDED ENTRY--TOPICAL TERM | |
| Topical term or geographic name as entry element | International human rights |
| 9 (RLIN) | 6709 |
| 650 ## - SUBJECT ADDED ENTRY--TOPICAL TERM | |
| Topical term or geographic name as entry element | Textbook oInternational human rights |
| 9 (RLIN) | 6710 |
| 942 ## - ADDED ENTRY ELEMENTS (KOHA) | |
| Source of classification or shelving scheme | Dewey Decimal Classification |
| Item type | Books |
| Withdrawn status | Lost status | Source of classification or shelving scheme | Damaged status | Not for loan | Home library | Current library | Date acquired | Total Checkouts | Full call number | Barcode | Date last seen | Copy number | Price effective from | Koha item type | Public note |
|---|---|---|---|---|---|---|---|---|---|---|---|---|---|---|---|
| Dewey Decimal Classification | Archives | Archives | 09/16/2012 | 341.08 SMI | 3949/2012 | 09/16/2012 | 1 | 09/16/2012 | Books | Reserve book | |||||
| Dewey Decimal Classification | Archives | Archives | 09/16/2012 | 341.08 SMI | 3950/2012 | 09/16/2012 | 2 | 09/16/2012 | Books | Reserve book | |||||
| Dewey Decimal Classification | Archives | Archives | 09/16/2012 | 341.08 SMI | 3951/2012 | 09/16/2012 | 3 | 09/16/2012 | Books | Reserve book |
